| 000 | 00813nac a22002051u 4500 | ||
|---|---|---|---|
| 008 | 100919t xxu||||| |||| 00| 0 eng d | ||
| 010 | _a2001036431 | ||
| 020 | _a8120321103 | ||
| 082 | 0 | 0 |
_a660.63 _bSHU |
| 100 |
_aShuler, Michael L., _919459 |
||
| 245 | 1 | 0 |
_aBioprocess Engineering : _bBasic Concepts / _cMichael L. Shuler, Fikret Kargi. |
| 250 | _a2nd ed. | ||
| 260 |
_aNew Delhi : _bPrentice-Hall of India, _cc2003. |
||
| 300 |
_axx, 553 p. : _bill. ; _c24 cm. |
||
| 504 | _aIncludes bibliographical references and index. | ||
| 650 | 0 |
_aBiochemical engineering. _919460 |
|
| 700 | 1 |
_aKargi, Fikret. _919461 |
|
| 942 |
_cBB _k660.63SHU _2ddc |
||
| 999 |
_c784 _d784 |
||